000 00810nam a2200229 a 4500
999 _c9208
_d9208
001 9208
003 BD-JhCC
005 20180523115431.0
008 180311s1971 bg |||| ||a| 000 0 ben d
035 _a(BD-JhCC)9208
040 _aBD-JhCC
_dBD-JhCC
041 _aben
082 _a796.5220924
_bMAC 1971
100 _aম্যাকক্যালাম, জন ডি.
245 _aঅভিযাত্রী /
_cজন ডি. ম্যাকক্যালাম, সৈয়দ সিদ্দিক হোসেন (অনুবাদ)
260 _aঢাকা :
_bখোশরোজ কিতাব মহল,
_c1971
300 _a140 p. :
_c20 cm.
650 _aMount Everest
_zAsia
700 _aহোসেন, সৈয়দ সিদ্দিক
942 _2ddc
_cBK